[Event "Martinez op-A"]
[Site "Cannes"]
[Date "2000.08.01"]
[Round "4"]
[White "Ausmins, Elmar"]
[Black "Kluss, Kai"]
[Result "1-0"]
[WhiteElo "2324"]
[BlackElo "2227"]
[PlyCount "85"]
[EventDate "2000.07.29"]
[EventType "swiss"]
[EventRounds "9"]
[EventCountry "FRA"]
[SourceTitle "EXT 2001"]
[Source "ChessBase"]
[SourceDate "2000.11.22"]
[SourceVersion "1"]
[SourceVersionDate "2000.11.22"]
[SourceQuality "1"]

1. d4 Nf6 2. Nf3 e6 3. c4 Bb4+ 4. Nbd2 d5 5. Qa4+ Nc6 6. e3 0-0 7. a3 Bxd2+ 8. Bxd2 Ne4 9. Bc1 a5 10. Bd3 f5 11. 0-0 Bd7 12. Qc2 a4 13. cxd5 exd5 14. Ne5 Nxe5 15. dxe5 b6 16. Bd2 c5 17. f3 Nxd2 18. Qxd2 Qe8 19. f4 Rd8 20. Rad1 Bb5 21. Rf3 Bxd3 22. Qxd3 Qc6 23. Rh3 g6 24. Rg3 b5 25. Qc3 Qb6 26. Rc1 Rc8 27. h4 h5 28. Rg5 Kh7 29. Qd3 Rcd8 30. Qc3 Rc8 31. Kh2 Kh6 32. Qe1 b4 33. Qg3 bxa3 34. bxa3 Rg8 35. Qe1 Rb8 36. Qc3 Rgc8 37. Rg3 Qd8 38. Rg5 Qb6 39. Qc2 Qc6 40. g4 hxg4 41. h5 Qb5 42. Rxg6+ Kh7 43. Qxf5 1-0

[Event "Salento op 5th"]
[Site "Gallipoli"]
[Date "2000.06.24"]
[Round "3"]
[White "Piscopo, Pierluigi"]
[Black "Ausmins, Elmar"]
[Result "0-1"]
[WhiteElo "2094"]
[BlackElo "2255"]
[PlyCount "130"]
[EventDate "2000.06.??"]
[EventType "swiss"]
[EventRounds "6"]
[EventCountry "ITA"]
[SourceTitle "EXT 2005"]
[Source "ChessBase"]
[SourceDate "2004.11.15"]
[SourceVersion "1"]
[SourceVersionDate "2004.11.15"]
[SourceQuality "1"]

1. e4 c5 2. Nf3 d6 3. d4 cxd4 4. Nxd4 Nf6 5. Nc3 Nc6 6. Bc4 Qb6 7. Nxc6 bxc6 8. Qe2 e5 9. b3 Be7 10. 0-0 0-0 11. h3 Qa5 12. Bb2 g6 13. f4 Nh5 14. fxe5 Ng3 15. Qf3 Nxf1 16. Rxf1 Be6 17. exd6 Bg5 18. Qg3 Bxc4 19. Nd5 f6 20. Qxg5 Qxd5 21. exd5 fxg5 22. Rxf8+ Kxf8 23. bxc4 c5 24. Ba3 Ke8 25. Bxc5 Rc8 26. Bb4 Rxc4 27. c3 Rf4 28. a3 Kd7 29. g3 Rc4 30. Kf2 a5 31. Bxa5 Kxd6 32. Ke3 Kxd5 33. Kd3 h5 34. Ke3 Re4+ 35. Kf3 Re8 36. Bb4 Kc4 37. h4 gxh4 38. gxh4 Kd3 39. a4 Re3+ 40. Kg2 Ke4 41. a5 Kf5 42. a6 Re2+ 43. Kf3 Ra2 44. Be7 Rxa6 45. Bg5 Re6 46. Be3 Re4 47. Bf2 Rf4+ 48. Ke2 Ke4 49. c4 Rf3 50. c5 Ra3 51. Ke1 Ra1+ 52. Ke2 Ra2+ 53. Ke1 Rc2 54. Bg3 Rxc5 55. Bd6 Rc6 56. Be7 Kf3 57. Bg5 Rd6 58. Bh6 Rd5 59. Bg7 Kg4 60. Bf6 Rf5 61. Bd8 Re5+ 62. Kf2 Rf5+ 63. Ke3 Rf1 64. Bg5 Rh1 65. Bd8 Rxh4 0-1